[Event "Asia-ch Blitz U20 Girls"]
[Site "Jamshedpur"]
[Date "2023.09.15"]
[Round "5"]
[White "Keerti, Shree Reddy"]
[Black "Prachi, Yadav"]
[Result "1-0"]
[WhiteElo "1674"]
[BlackElo "1118"]
[PlyCount "84"]
[EventDate "2023.09.15"]
[EventType "swiss (blitz)"]
[EventRounds "9"]
[EventCountry "IND"]
[SourceTitle "EXT 2024"]
[Source "ChessBase"]
[SourceDate "2023.10.10"]
[SourceVersion "1"]
[SourceVersionDate "2023.10.10"]
[SourceQuality "1"]

1. e4 c5 2. Nf3 Nc6 3. d4 cxd4 4. Nxd4 Nxd4 5. Qxd4 d6 6. Be2 e5 7. Qd1 Nf6 8. Nc3 Be7 9. 0-0 Be6 10. h3 a6 11. Be3 0-0 12. Kh1 Rc8 13. f4 Qc7 14. f5 Bc4 15. Bg5 Bxe2 16. Qxe2 h6 17. Bh4 Rfd8 18. Rad1 b5 19. a3 Kh7 20. Rd2 Kg8 21. Bxf6 Bxf6 22. Nd5 Bg5 23. Nxc7 Rxc7 24. Rd3 Rcd7 25. Rfd1 Be7 26. b3 f6 27. c4 bxc4 28. bxc4 Kh7 29. c5 Rc8 30. cxd6 Bf8 31. Qd2 Rc6 32. Qe2 Kg8 33. Qa2+ Kh7 34. Qe6 Rd8 35. Qf7 Bxd6 36. Qe6 Bxa3 37. Qxc6 Rxd3 38. Rxd3 Bf8 39. Qxa6 Kh8 40. Rd8 Kg8 41. Qe6+ Kh7 42. Rxf8 h5 1-0

[Event "Asia-ch U20 Girls"]
[Site "Jamshedpur"]
[Date "2023.09.14"]
[Round "8"]
[White "Adra, P."]
[Black "Prachi, Yadav"]
[Result "1-0"]
[WhiteElo "1365"]
[BlackElo "1118"]
[PlyCount "131"]
[EventDate "2023.09.09"]
[EventType "swiss"]
[EventRounds "9"]
[EventCountry "IND"]
[SourceTitle "EXT 2024"]
[Source "ChessBase"]
[SourceDate "2023.10.10"]
[SourceVersion "1"]
[SourceVersionDate "2023.10.10"]
[SourceQuality "1"]

1. d4 d5 2. c4 e6 3. Nf3 Nf6 4. g3 c6 5. Bg2 Bb4+ 6. Bd2 Bxd2+ 7. Nbxd2 Nbd7 8. 0-0 0-0 9. Qc2 h6 10. e4 dxe4 11. Nxe4 Qe7 12. Rad1 Nxe4 13. Qxe4 Nf6 14. Qc2 Rd8 15. Ne5 Bd7 16. Qb3 Be8 17. Rfe1 Qc7 18. Qe3 Nd7 19. Nd3 Nf8 20. b3 Ng6 21. h4 Qa5 22. Nc5 Qc7 23. Rd2 Ne7 24. Red1 Nf5 25. Qe2 b6 26. Ne4 Rd7 27. Nc3 Rad8 28. Qe4 Ne7 29. b4 a6 30. Rd3 b5 31. d5 bxc4 32. d6 Rxd6 33. Rxd6 Rxd6 34. Rxd6 Qxd6 35. Qxc4 Nd5 36. a3 Bd7 37. Ne4 Qe5 38. Qxa6 Qa1+ 39. Bf1 Kf8 40. Nc5 Be8 41. Qd3 g6 42. Qb3 Qf6 43. a4 Qe7 44. a5 Nc7 45. Qe3 Nd5 46. Qxh6+ Kg8 47. Qd2 Qc7 48. Qd4 e5 49. Qc4 Qb8 50. Na6 Qb7 51. Bg2 Nc7 52. Nxc7 Qxc7 53. Qc5 f5 54. Bd5+ Bf7 55. Qxc6 Qxc6 56. Bxc6 Bc4 57. b5 Kf8 58. a6 Ke7 59. a7 Kd6 60. a8Q Kc5 61. Qa3+ Kb6 62. Qe3+ Kc7 63. Qxe5+ Kd8 64. Qd6+ Kc8 65. Qd7+ Kb8 66. Qb7# 1-0

[Event "Asia-ch U20 Girls"]
[Site "Jamshedpur"]
[Date "2023.09.10"]
[Round "3"]
[White "Poorvi, Rajpoot"]
[Black "Prachi, Yadav"]
[Result "1-0"]
[WhiteElo "1429"]
[BlackElo "1118"]
[PlyCount "113"]
[EventDate "2023.09.09"]
[EventType "swiss"]
[EventRounds "9"]
[EventCountry "IND"]
[SourceTitle "EXT 2024"]
[Source "ChessBase"]
[SourceDate "2023.10.10"]
[SourceVersion "1"]
[SourceVersionDate "2023.10.10"]
[SourceQuality "1"]

1. e4 c5 2. Nf3 d6 3. d4 cxd4 4. Nxd4 e5 5. Bb5+ Bd7 6. Bxd7+ Qxd7 7. Ne2 Nc6 8. Nbc3 Nf6 9. Bg5 Be7 10. 0-0 h6 11. Bxf6 Bxf6 12. Nd5 Bg5 13. c3 0-0 14. Ng3 Rad8 15. Nf5 Ne7 16. h4 Nxd5 17. Qxd5 Be7 18. h5 Kh7 19. Rad1 g6 20. hxg6+ fxg6 21. Ne3 b6 22. Rd3 Rf6 23. f3 h5 24. Rfd1 Qe8 25. Qb3 Qf7 26. Nd5 Re6 27. Nc7 Rf6 28. Qxf7+ Rxf7 29. Nb5 Bf8 30. Rd5 a6 31. Nxd6 Rfd7 32. Nc4 Rxd5 33. Rxd5 Bc5+ 34. Kf1 Rc8 35. Nxe5 Be3 36. Rd7+ Kg8 37. Nxg6 Re8 38. Ke2 Bc1 39. b3 Bb2 40. Ne7+ Rxe7 41. Rxe7 Bxc3 42. Kd3 Bf6 43. Re6 Kg7 44. Rxb6 h4 45. Rxa6 Kg6 46. f4 Kg7 47. e5 Bd8 48. f5 Kf7 49. Ra7+ Ke8 50. f6 Bb6 51. Rb7 Bc5 52. e6 Bd6 53. Ra7 Kd8 54. Rd7+ Ke8 55. Rxd6 h3 56. gxh3 Kf8 57. Rd8# 1-0

[Event "Asia-ch Rapid U20 Girls"]
[Site "Jamshedpur"]
[Date "2023.09.08"]
[Round "2"]
[White "Adra, P."]
[Black "Prachi, Yadav"]
[Result "0-1"]
[WhiteElo "1403"]
[BlackElo "1141"]
[PlyCount "58"]
[EventDate "2023.09.08"]
[EventType "swiss (rapid)"]
[EventRounds "9"]
[EventCountry "IND"]
[SourceTitle "EXT 2024"]
[Source "ChessBase"]
[SourceDate "2023.10.10"]
[SourceVersion "1"]
[SourceVersionDate "2023.10.10"]
[SourceQuality "1"]

1. d4 d5 2. c4 e6 3. Nf3 Nf6 4. g3 c5 5. cxd5 cxd4 6. dxe6 Bxe6 7. Qxd4 Nbd7 8. Bg2 Bc5 9. Qa4 Qb6 10. 0-0 0-0 11. Nc3 h6 12. h3 a6 13. Ne4 Nxe4 14. Qxe4 Nf6 15. Qb1 Rad8 16. b3 Bxf2+ 17. Rxf2 Rd1+ 18. Bf1 Bxh3 19. e3 Ng4 20. Qc2 Rfd8 21. Bd2 Rxa1 22. Nd4 Nxf2 23. Kxf2 Rxf1+ 24. Ke2 Qf6 25. Be1 Bg4+ 26. Kd2 Rc8 27. Qb1 Qb6 28. Qd3 Qb4+ 29. Qc3 Qxc3# 0-1

[Event "Asia-ch Rapid U20 Girls"]
[Site "Jamshedpur"]
[Date "2023.09.08"]
[Round "1"]
[White "Prachi, Yadav"]
[Black "Patil, Divya"]
[Result "0-1"]
[WhiteElo "1141"]
[BlackElo "1551"]
[PlyCount "93"]
[EventDate "2023.09.08"]
[EventType "swiss (rapid)"]
[EventRounds "9"]
[EventCountry "IND"]
[SourceTitle "EXT 2024"]
[Source "ChessBase"]
[SourceDate "2023.10.10"]
[SourceVersion "1"]
[SourceVersionDate "2023.10.10"]
[SourceQuality "1"]

1. e4 e5 2. Nf3 Nc6 3. Bc4 Bc5 4. d3 Nf6 5. Be3 Bb6 6. c3 d6 7. h3 h6 8. 0-0 0-0 9. Nbd2 Be6 10. Bb3 Qd7 11. Nh2 d5 12. exd5 Nxd5 13. Bxd5 Qxd5 14. Ndf3 Rad8 15. Ne1 e4 16. d4 f5 17. f4 Qd6 18. Qd2 Na5 19. b3 c5 20. Rd1 cxd4 21. Bxd4 Nc6 22. Nc2 Nxd4 23. Nxd4 Rc8 24. Kh1 Bxd4 25. cxd4 Rc7 26. d5 Bf7 27. Rf2 Rd8 28. Qa5 b6 29. Qd2 Rc5 30. Nf1 Rxd5 31. Qxd5 Bxd5 32. Rfd2 Qc5 33. b4 Qxb4 34. Ne3 Qc5 35. Nxd5 Kf7 36. Kh2 e3 37. Rd3 e2 38. Re1 Rxd5 39. Rxd5 Qxd5 40. Rxe2 Qc4 41. Rf2 Qd4 42. Kg3 Kf6 43. a3 g5 44. fxg5+ hxg5 45. Rf3 a5 46. Kh2 b5 47. Rb3 0-1